000 00895nam a2200265 a 4500
001 BRCA_8499
005 20190320210317.0
008 020816s2013----mx-#######---#000-0#spa-#
020 _a9786071613943
041 _aspa
044 _amx
050 4 _aPQ6361
_b.F74 2013
100 1 _aFrenk Alatorre, Margit
_921298
245 1 0 _aCuatro ensayos sobre el Quijote
_cMargit Frenk.
260 _aMéxico
_bFCE
_c2013
300 _a58 p.
_c21 cm.
440 0 _aSección de Obras de Lengua y Estudios Literarios
_921299
600 1 4 _aCervantes Saavedra, Miguel de
_d1547-1616
_tDon Quixote
_912111
650 1 4 _aNovela española
_xSiglo de oro
_921300
650 1 4 _aLiteratura española
_xSiglo de oro - Crítica e interpretación
_921301
650 1 4 _aDon Quijote (Personaje ficticio)
_xNovela
_921302
740 0 _aEl Ingenioso Hidalgo Don Quijote de la Mancha
902 _aCERV
942 _2lcc
_cB
999 _c8165
_d8165